000 00615nam a2200229Ia 4500
003 OSt
005 20220918212100.0
006 a|||||r|||| 00| 0
007 ta
008 220917b |||||||| |||| 00| 0 eng d
024 _a127,152
037 _cTextual
040 _aARTS
_cARTS
_beng
041 _2eng
_aeng
082 _aX.42.N5, J1-;1-;2 (TX)
100 _aAllen G C
_9108166
245 0 _aShort economic history of modern Japan 1867-1937
260 _aNA
_bNA
_c1951
650 _aECONOMICS
942 _hX.42.N5, J1-;1-;2 (TX)
_cTEXL
_2CC
999 _c250294
_d250294